<?xml version="1.0" encoding="UTF-8"?>
<record
    xmlns:xsi="http://www.w3.org/2001/XMLSchema-instance"
    xsi:schemaLocation="http://www.loc.gov/MARC21/slim http://www.loc.gov/standards/marcxml/schema/MARC21slim.xsd"
    xmlns="http://www.loc.gov/MARC21/slim">

  <leader>00448nam a2200169   4500</leader>
  <controlfield tag="001">16350</controlfield>
  <datafield tag="090" ind1=" " ind2=" ">
    <subfield code="a">16350</subfield>
  </datafield>
  <datafield tag="100" ind1=" " ind2=" ">
    <subfield code="a">20250701              pory50       </subfield>
  </datafield>
  <datafield tag="200" ind1=" " ind2=" ">
    <subfield code="a">Luz e sombra</subfield>
    <subfield code="f">Leigh Bardugo</subfield>
    <subfield code="g">trad. de Raquel Dutra Lopes</subfield>
  </datafield>
  <datafield tag="206" ind1=" " ind2=" ">
    <subfield code="a">1&#xAA; ed.</subfield>
  </datafield>
  <datafield tag="210" ind1=" " ind2=" ">
    <subfield code="a">Alfragide</subfield>
    <subfield code="c">Asa</subfield>
    <subfield code="d">2013</subfield>
  </datafield>
  <datafield tag="215" ind1=" " ind2=" ">
    <subfield code="a">300,[10] p. </subfield>
    <subfield code="d">22 cm</subfield>
  </datafield>
  <datafield tag="225" ind1=" " ind2=" ">
    <subfield code="a">1000 mundos</subfield>
    <subfield code="h">1</subfield>
  </datafield>
  <datafield tag="300" ind1=" " ind2=" ">
    <subfield code="a">Triologia Grisha</subfield>
  </datafield>
  <datafield tag="606" ind1=" " ind2=" ">
    <subfield code="9">176</subfield>
    <subfield code="a">Literatura Fant&#xE1;stica</subfield>
  </datafield>
  <datafield tag="801" ind1=" " ind2=" ">
    <subfield code="a">PT</subfield>
    <subfield code="b">BMA</subfield>
    <subfield code="g">RPC</subfield>
  </datafield>
  <datafield tag="990" ind1=" " ind2=" ">
    <subfield code="c">LIVROS</subfield>
  </datafield>
  <datafield tag="995" ind1=" " ind2=" ">
    <subfield code="0">0</subfield>
    <subfield code="1">0</subfield>
    <subfield code="6">BMA</subfield>
    <subfield code="9">16958</subfield>
    <subfield code="b">BMA</subfield>
    <subfield code="f">16800/21</subfield>
    <subfield code="k">821.111(73)-312.9 bar</subfield>
    <subfield code="m">2026-02-11</subfield>
    <subfield code="o">0</subfield>
    <subfield code="r">LIVROS</subfield>
    <subfield code="s">Oferta</subfield>
  </datafield>
</record>
